| 000 | 01151nam a2200313 i 4500 | ||
|---|---|---|---|
| 001 | 9494 | ||
| 003 | ES-MaACL | ||
| 005 | 20231228203842.0 | ||
| 007 | t| | ||
| 007 | t| | ||
| 008 | 931004s1993 sp |||| | spa d | ||
| 020 | _a84-7090-292-X | ||
| 080 | _a321.17(460) | ||
| 080 | _a321.17(44) | ||
| 100 | 1 |
_aSánchez-Albornoz, Claudio, _d1893-1984 _9102440 |
|
| 245 | 1 | 0 |
_aEn torno a los orígenes del feudalismo / _cClaudio Sánchez Albornoz ; nota editorial, José M. Gómez-Tabanera ; prólogo, Eloy Benito Ruano. |
| 260 |
_aMadrid : _bColegio Universitario : _bIstmo, _c[1993] |
||
| 300 |
_aXXXII, 990 p. ; _c21 cm. |
||
| 490 | 1 |
_aTextos redivivos, libros perdurables ; _v12 |
|
| 500 | _aÍndices. | ||
| 534 |
_pReproducción de la ed. de: _cMendoza, Argentina : Universidad Nacional de Cuyo, 1942. |
||
| 650 | 4 |
_aFeudalismo- _zEspaña. _912769 |
|
| 650 | 4 |
_aFeudalismo- _zFrancia. _912770 |
|
| 700 | 1 |
_aBenito Ruano, Eloy. _927689 |
|
| 700 | 0 |
_aGómez-Tabanera, José Manuel, _d1926-2011 _958165 |
|
| 830 | 0 |
_aTextos redivivos, libros perdurables ; _v12 _9178499 |
|
| 852 |
_aES-MaACL _jL-16775 |
||
| 999 |
_c9494 _d9494 |
||